Colombia forestal / (Registro nro. 17668)
[ vista simple ]
| 000 -CABECERA | |
|---|---|
| Campo de control | 01086cas a2200253 a 4500 |
| 005 - FECHA Y HORA DE LA ULTIMA TRANSACCION | |
| Campo de control | 20150813123824.0 |
| 008 - ELEMENTOS DE LONGITUD FIJA—INFORMACION GENERAL | |
| Campo de control | 890815c1978 ck qr p r f0 0a0spa d |
| 022 ## - ISSN | |
| ISSN | 0120-0739 |
| 040 ## - FUENTE DE CATALOGACIÓN | |
| Agencia catalogadora original | CO-BoBLA |
| Agencia transcriptora | CO-BoBLA |
| 041 0# - IDIOMA | |
| Código de idioma para texto/pista de sonido o título separado | Español |
| 090 ## - CLASIFICACIÓN LOCAL | |
| Colección | SE |
| 245 10 - MENCION DE TITULO | |
| Título | Colombia forestal / |
| Mención de responsabilidad | Facultad del medio ambiente y recursos naturales - Proyecto curricular de ingeniería forestal - Universidad Distrital Francisco José de Caldas |
| 260 3# - PUBLICACION, DISTRIBUCION, ETC. (PIE DE IMPRENTA) | |
| Lugar de publicación, distribución, etc. | Bogotá (Colombia): |
| Nombre del editor, distribuidor, etc. | Facultad del Medio Ambiente y Recursos Naturales, |
| Fecha de publicación, distribución, etc. | 1978- . |
| 300 ## - DESCRIPCION FISICA | |
| Otros detalles físicos | il. ; |
| Dimensiones | 26 cm. |
| 500 ## - NOTA GENERAL | |
| Nota general | Descripción: Vol. 10 N° 20. |
| 504 ## - NOTA DE BIBLIOGRAFIA, ETC. | |
| Nota de bibliografía | Incluye referencias bibliográficas. |
| 650 #4 - ASIENTO SECUNDARIO DE MATERIA - TERMINO TEMATICO | |
| Término temático o nombre geográfico como elemento de entrada | Bosques |
| Subdivisión geográfica | Colombia |
| Subdivisión de forma | Publicaciones seriadas. |
| 9 (RLIN) | 36813 |
| 650 #4 - ASIENTO SECUNDARIO DE MATERIA - TERMINO TEMATICO | |
| Término temático o nombre geográfico como elemento de entrada | Madera |
| Subdivisión de forma | Publicaciones seriadas. |
| 9 (RLIN) | 36814 |
| 651 #4 - ASIENTO SECUNDARIO DE MATERIA - NOMBRE GEOGRAFICO | |
| Nombre geográfico | Bogotá (Colombia) |
| Subdivisión de forma | Publicaciones seriadas. |
| 9 (RLIN) | 36815 |
| 651 #4 - ASIENTO SECUNDARIO DE MATERIA - NOMBRE GEOGRAFICO | |
| Nombre geográfico | Colombia |
| Subdivisión de forma | Publicaciones seriadas. |
| 9 (RLIN) | 36816 |
| 710 2# - ASIENTO SECUNDARIO - NOMBRE CORPORATIVO | |
| Nombre corporativo o de jurisdicción como elemento de entrada | Universidad Distrital Francisco José de Caldas (Bogotá) |
| Unidad subordinada | , Proyecto Currícular de Ingeniería Forestal |
| 9 (RLIN) | 36817 |
| 942 ## - ELEMENTOS ADICIONALES (KOHA) | |
| Sistema de clasificación | Local |
| Tipo de ítem | Artículo |
| Serial record | 1 |
| 949 ## - LOCAL PROCESSING INFORMATION (OCLC) | |
| a | c |
| b | c |
| Withdrawn status | Lost status | Sistema de Clasificación | Damaged status | No para préstamo | Colección | Fecha publicación (Año) | Volumen revista | Número revista | Inventariado | Ubicación Permanente | Ubicación actual | Fecha de adquisición | Datos de publicación Seriada | Total Checkouts | Número topográfico | Inventario / Código de Barras | Date last seen | Ejemplar | Price effective from | Forma de adquisición | Tipo de material |
|---|---|---|---|---|---|---|---|---|---|---|---|---|---|---|---|---|---|---|---|---|---|
| Local | Hemeroteca | 2007 | 10 | 20 | Inventariado 2017 | Bogotá | Bogotá | 13/08/2015 | Vol 10, Nro 20 (01/12/2007) | SE | 058020 | 13/08/2015 | Ej. 1 | 13/08/2015 | Institucional | Periodica o revista | |||||
| Local | Hemeroteca | 2015 | 18 | 1 | Inventariado 2017 | Bogotá | Bogotá | 13/08/2015 | Vol 18, Nro 1 (01/06/2015) | SE | 042060 | 13/08/2015 | Ej. 1 | 13/08/2015 | Institucional | Periodica o revista | |||||
| Local | Hemeroteca | 2015 | 18 | 1 | Bogotá | Bogotá | 13/08/2015 | Vol 18, Nro 1 (01/06/2015) | SE | 042061 | 13/08/2015 | Ej. 2 | 13/08/2015 | Canje | Periodica o revista | ||||||
| Local | Hemeroteca | 2010 | 13 | 1 | Inventariado 2017 | Bogotá | Bogotá | 10/07/2017 | Vol 13, Nro 1 (01/06/2010) | SE | 041532 | 10/07/2017 | Ej. 1 | 10/07/2017 | Donación | Periodica o revista | |||||
| Local | Hemeroteca | 2010 | 13 | 2 | Inventariado 2017 | Bogotá | Bogotá | 10/07/2017 | Vol 13, Nro 2 (01/12/2010) | SE | 041533 | 10/07/2017 | Ej. 1 | 10/07/2017 | Donación | Periodica o revista | |||||
| Local | Hemeroteca | 1994 | 4 | 8 | Inventariado 2017 | Bogotá | Bogotá | 02/10/2017 | Vol 4, Nro 8 | SE | 041701 | 02/10/2017 | Ej. 1 | 02/10/2017 | Donación | Periodica o revista |